000 00592nam a2200229Ia 4500
003 OSt
005 20220924153435.0
006 a|||||r|||| 00| 0
007 ta
008 220923b |||||||| |||| 00| 0 tam d
024 _a350234
037 _cTextual
040 _aARTS
_cARTS
_btam
041 _2tam
_atam
082 _aLk, 31N1;N9.1-.12
100 _aKameswran Lalitha
_9228836
245 0 _aMaruttuva kalanjiyan
260 _c1996
650 _aMEDICINE
_94387
942 _hLk, 31N1;N9.1-.12
_cTEXL
_2CC
999 _c473625
_d473625